Ứng dụng Gis vào việc quy hoạch đất xã Tam Đại giai đoạn 2010 - 2020
Cơ sở lí luận của đề tài. Tình hình quản lý sử dụng đất xã Tam Đại . Ứng dụng công nghệ Gis vào quy hoạch sử dụng đất xã Tam Đại.
Sparad:
| Huvudupphovsman: | |
|---|---|
| Övriga upphovsmän: | |
| Materialtyp: | Bok |
| Språk: | Vietnamese |
| Publicerad: |
Đà Nẵng
Trường Đại học Sư phạm
2010
|
| Ämnen: | |
| Taggar: |
Lägg till en tagg
Inga taggar, Lägg till första taggen!
|
| Thư viện lưu trữ: | Mạng thư viện Đại học Đà Nẵng |
|---|
| LEADER | 01422nam a2200337 4500 | ||
|---|---|---|---|
| 001 | 000010841 | ||
| 003 | 7061 | ||
| 005 | 20111222141259.0 | ||
| 008 | 111222s2010 viesd | ||
| 041 | |a vie | ||
| 072 | |a Khóa luận tốt nghiệp | ||
| 082 | |a 631.47 |b NG-T | ||
| 100 | 1 | |a Nguyễn Văn Túc | |
| 245 | 1 | |a Ứng dụng Gis vào việc quy hoạch đất xã Tam Đại giai đoạn 2010 - 2020 |c Nguyễn Văn Túc | |
| 260 | |a Đà Nẵng |b Trường Đại học Sư phạm |c 2010 | ||
| 300 | |a 51 tr. |c 29 cm | ||
| 500 | |a Khóa luận tốt nghiệp. Chuyên ngành: Cử nhân khoa học Địa lý. | ||
| 520 | |a Cơ sở lí luận của đề tài. Tình hình quản lý sử dụng đất xã Tam Đại . Ứng dụng công nghệ Gis vào quy hoạch sử dụng đất xã Tam Đại. | ||
| 653 | |a Khóa luận tốt nghiệp | ||
| 653 | |a Khoa Địa lý | ||
| 700 | 1 | |a Nguyễn Thị Diệu |c Th.S |e Hướng dẫn | |
| OWN | |a LSP | ||
| AVA | |a UDN50 |b LSP |d 631.47 NG-T |e available |t Error 5001 Not defined in file expand_doc_bib_avail. |f 1 |g 0 |h N |i 0 |k 1 | ||
| 999 | |a From the UDN01 | ||
| AVA | |a UDN50 |b LSP |d 631.47 NG-T |e available |t Error 5001 Not defined in file expand_doc_bib_avail. |f 1 |g 0 |h N |i 0 |k 1 | ||
| TYP | |a Monograph | ||
| TYP | |a Printed language | ||
| 980 | |a Mạng thư viện Đại học Đà Nẵng | ||